Modern archives : Principles and techniques

Bibliographic Details
Main Author: Schellenberg, T. R. (Author)
Format: Book
Language:English
Published: Melbourne : The University of Chicago Press 1956
Subjects:

MARC

LEADER 00000cam a2200000 7i4500
001 0000003817
005 20240927.0
008 991207 at eng
040 |a INS   |b eng   |e rda 
090 0 0 |a CD950   |b .S3 1956 
100 1 |a Schellenberg, T. R. ,   |e author 
245 1 0 |a Modern archives :   |b Principles and techniques   |c T. R. Schellenberg 
264 1 |a Melbourne :   |b The University of Chicago Press   |c 1956 
300 |a 247 pages ;   |c 21cm. 
336 |a text  |2 rdacontent 
337 |a unmediated  |2 rdamedia 
338 |a volume  |2 rdacarrier 
650 0 0 |a Archives 
999 |a 0000005151   |b BOOK   |c Open Shelf   |e Default branch